Лирики Востока: стихи; переводы

Dades bibliogràfiques
Altres autors: Курганцев М. А. Михаил Абрамович (автор предисловия)
Idioma:rus
Publicat: Москва, Правда, 1986
Matèries:
Format: MixedMaterials Llibre
KOHA link:https://koha.lib.tpu.ru/cgi-bin/koha/opac-detail.pl?biblionumber=166437

MARC

LEADER 00000nam0a2200000 4500
001 166437
005 20231031162239.0
020 |a RU  |b 84-2153 
035 |a (RuTPU)RU\TPU\book\180543 
035 |a RU\TPU\book\132355 
090 |a 166437 
100 |a 20091002d1986 m y0rusy5003 ca 
101 2 |a rus  |c ara  |c per  |c inc 
102 |a RU 
105 |a a z 001gy 
200 1 |a Лирики Востока  |e стихи; переводы  |f авт. предисл. и сост. М. А. Курганцев 
210 |a Москва  |c Правда  |d 1986 
215 |a 479 с.  |d 20 см  |c ил. 
320 |a Словарь: с. 475-477 
610 1 |a персидская литература 
610 1 |a арабская поэзия 
610 1 |a индийская литература 
610 1 |a переводы 
675 |a 89  |z rus 
702 1 |a Курганцев  |b М. А.  |g Михаил Абрамович  |4 080 
801 0 |a RU  |b RuMRKP  |c 19950704  |g psbo 
801 1 |a RU  |b 63413507  |c 20070928  |g PSBO 
801 2 |a RU  |b 63413507  |c 20091002  |g PSBO 
942 |c BK